01552nam a2200373 a 4500001001200000003000800012006001900020007001500039008004100054010001700095015001900112016001800131020002500149020002200174040002100196035002100217043002100238050002900259082001900288100002600307245009600333260013500429300006200564504006600626533015200692600002600844650004600870650004000916650003300956655002900989710001701018856012601035999001701161ebr10310799CaPaEBRm u cr cn|||||||||080930s2008 enkabf sb 001 0aeng d z 2008298710 aGBA7714662bnb7 z0138343792Uk z9781845114947 (hbk.) z1845114949 (hbk.) aCaPaEBRcCaPaEBR a(OCoLC)471126703 ae-uk---af-nr---14aTP369.52.H39bH39 2008eb04a966.9030922221 aHayward, Alan,d1916-10aAfrica calledh[electronic resource] :bscience and development in Nigeria /cAlan Hayward. aLondon ;aNew York :bRadcliffe Press ;aNew York :bIn the United States and in Canada distributed by Palgrave Macmillan,cc2008. axxiv, 198 p., [8] p. of plates :bill. (some col.), maps. aIncludes bibliographical references (p. [189]-190) and index. aElectronic reproduction.bPalo Alto, Calif. :cebrary,d2013.nAvailable via World Wide Web.nAccess may be limited to ebrary affiliated libraries.10aHayward, Alan,d1916- 0aFood engineerszGreat BritainvBiography. 0aFood engineerszNigeriavBiography. 0aBritishzNigeriavBiography. 7aElectronic books.2local2 aebrary, Inc.40uhttp://site.ebrary.com/lib/rucke/Doc?id=10310799zAn electronic book accessible through the World Wide Web; click to view c62127d62127